• 首页
  • 本馆介绍
  • 公告通知
  • 最新文献
  • 馆藏检索
  • 电子资源
  • 读者导购
  • 参考咨询
  • 我的图书馆
  • 登录
  • 详细信息显示
  • 放入我的书架
  • 预约/预借图书
  • 作者相关作品
  • 分类相关作品
  • 丛书相关作品
  • 出版社相关作品

书目信息

  • 表格格式
  • 工作单格式
  • 卡片格式
题名:
古诗词里的科学现象
    
 
作者: 暗号 , 小山 著
分册:  
出版信息: 北京   中华书局  2021.06
页数: 358页
开本: 21cm
丛书名: 古诗词里的博物志
单 册:
中图分类: I207.227.2 , Z228.1
科图分类:
主题词: 古典诗歌--gu dian shi ge--诗歌欣赏--中国--青少年读物 , 科学知识--ke xue zhi shi--青少年读物
电子资源:
ISBN: 978-7-101-15216-6
000 01256nam 2200301 450
001 CAL 0120217198406
005 20230217093112.0
010    @a978-7-101-15216-6@dCNY49.00
100    @a20210630d2021 cemy0chiy0120 ea
101 0  @achi
102    @aCN@b110000
105    @aa z 000yy
106    @ar
200 1  @a古诗词里的科学现象@Agu shi ci li de ke xue xian xiang@e发现隐藏在古诗词里的博物知识@f暗号, 小山著
210    @a北京@c中华书局@d2021.06
215    @a358页@c彩图@d21cm
225 2  @a古诗词里的博物志@Agu shi ci li de bo wu zhi
330    @a本书精选从先秦到清代的经典古诗词, 从多个方面解读诗词中的科学现象, 揭示其背后的科学知识和原理, 涉及物理 (光学、力学、微观物理)、化学、生物、自然地理、天文、气象等各个科学领域的知识, 丰富多彩, 包罗万象, 兼具知识性与可读性, 而且文风轻松诙谐, 充满趣味。
410  0 @12001 @a古诗词里的博物志
517 1  @a发现隐藏在古诗词里的博物知识@Afa xian yin cang zai gu shi li de bo wu zhi shi
606 0  @a古典诗歌@Agu dian shi ge@x诗歌欣赏@y中国@j青少年读物
606 0  @a科学知识@Ake xue zhi shi@j青少年读物
690    @aI207.227.2@v5
690    @aZ228.1@v5
701  0 @a暗号@Aan hao@4著
701  0 @a小山@Axiao shan@4著
801  0 @aCN@bBJXHZP@c20230228
905    @b1407431-2@dI207.227.2@e1513@f2
    
    古诗词里的科学现象:发现隐藏在古诗词里的博物知识/暗号, 小山著.-北京:中华书局,2021.06
    358页:彩图;21cm.-(古诗词里的博物志)
    
    
    ISBN 978-7-101-15216-6:CNY49.00
    本书精选从先秦到清代的经典古诗词, 从多个方面解读诗词中的科学现象, 揭示其背后的科学知识和原理, 涉及物理 (光学、力学、微观物理)、化学、生物、自然地理、天文、气象等各个科学领域的知识, 丰富多彩, 包罗万象, 兼具知识性与可读性, 而且文风轻松诙谐, 充满趣味。
●
相关链接 在E读中查询图书 在五车中查询图书 在当当中查询图书 在豆瓣中查询图书


正题名:古诗词里的科学现象     索取号:I207.227.2/1513         预约/预借

序号 登录号 条形码 馆藏地/架位号 状态 备注
1 1407431   214074311   第一样本阅览室/ [索取号:I207.227.2/1513] 在馆    
2 1407432   214074320   第二借阅区/ [索取号:I207.227.2/1513] 在馆    
唐山师范学院图书馆 欢迎您!
大连网信软件有限公司© 版权所有